| 000 | 00917nam a22002297a 4500 | ||
|---|---|---|---|
| 999 |
_c11578 _d11578 |
||
| 003 | AR-CdUCM | ||
| 008 | 190404b ||||| |||| 00| 0 spa d | ||
| 020 | _a9972-728-44-7 | ||
| 040 |
_aMUNICIPALIDAD PROVINCIAL DEL CUSCO _cBIBLIOTECA MUNICIPAL DEL CUSCO |
||
| 082 |
_aES / 463 / _bD73 |
||
| 110 |
_aCorporacion grafica Navarrete _929007 |
||
| 245 | _aDiccionario Enciclopédico ilustrado NAKAL edición revisada y actualizada / | ||
| 260 |
_aLima : _bFondo editorial Navarrete, |
||
| 300 |
_a1341 paginas ; _bilustraciones, graficos, dibujos, retratos, mapas, _c25 cm. |
||
| 500 | _aDiccionario ilustrado | ||
| 505 | _aContenido: Lengua y gramatica española -- glosario de sinonimos y antonimos -- atlas mundial a todo color -- ciencia y tecnologia... | ||
| 650 |
_aDiccionario _95196 |
||
| 650 |
_aIlustrado _927920 |
||
| 650 |
_aTexto educativo _925832 |
||
| 942 |
_2ddc _cLIBROS |
||
| 945 |
_apjha _d2019-04-04 |
||